000 01763 a2200217 4500
020 _a013101028X
020 _a9780131010284
082 0 4 _a658.7
090 _c857
_d857
100 1 _aChopra, Sunil.
245 1 0 _aSupply chain management :
_bstrategy, planning, and operations, second edition /
_cSunil Chopra.
250 _a2nd ed.
260 _a[S.l.] :
_bPrentice Hall,
_c2003.
300 _a592 p. ;
_c26 cm.
500 _aHardcover.
520 _aFor advanced undergraduate and MBA courses in Supply Chain Management. This book brings together the strategic role of the supply chain, key strategic drivers of supply chain performance, and the tools and techniques for supply chain analysis. Every chapter gives suggestions that managers can use in practice and all methodologies are illustrated with an application in Excel. Fully updated material keeps the book on the forefront of supply chain management. Distribution networks (Chapter 4); Sourcing (Chapter 13), discusses different sourcing activities including supplier assessment, supplier contracts, design collaboration, and procurement; Price and revenue management (Chapter 15); Early coverage of designing the supply chain network—after developing a strategic framework, readers can discuss supply chain network design in Chapters 5 and 6 and then move on to demand, supply, inventory, and transportation planning; Information Technology in the Supply Chain (Chapter 17). For business professionals managing the supply chain
700 _aMeindl, Peter
856 _3Amazon.com
_uhttp://www.amazon.com/exec/obidos/ASIN/013101028X/chopaconline-2
856 _3Amazon customer reviews
_uhttp://www.chopac.org/cgi-bin/tools/azrev.pl?q=013101028
942 _aNBS
_cBK
_k658.7 CHO
999 _c343402
_d343402